تحميل...
ബഷീര് എന്ന അനുഗ്രഹം
| المؤلف الرئيسي: | |
|---|---|
| التنسيق: | Printed Book |
| منشور في: |
Palakkad
Logos Books
2015
|
| الموضوعات: |
| LEADER | 00573nam a22001817a 4500 | ||
|---|---|---|---|
| 003 | OSt | ||
| 020 | |a 9789385064548 | ||
| 082 | |a 928 |b BEE/BA | ||
| 100 | |a Beena, K A | ||
| 245 | |a ബഷീര് എന്ന അനുഗ്രഹം | ||
| 260 | |a Palakkad |b Logos Books |c 2015 | ||
| 300 | |a 174p | ||
| 500 | |a Basheer enna anugraham | ||
| 546 | |a Malayalam | ||
| 650 | |a Memoir | ||
| 942 | |2 ddc |c BK | ||
| 999 | |c 154983 |d 154983 | ||
| 952 | |0 0 |1 0 |2 ddc |4 0 |6 928_000000000000000_BEEBA |7 0 |8 Gen |9 154056 |a KAUCLV |b KAUCLV |c GENERAL |d 2017-03-10 |g 150.00 |o 928 BEE/BA |p 226024 |r 2017-03-10 |w 2017-03-10 |y BK | ||